Movie men flex their plexes (Record no. 59322)

MARC details
000 -LEADER
fixed length control field 01065cab a2200253 4500
001 - CONTROL NUMBER
control field WB3520-31
008 - FIXED-LENGTH DATA ELEMENTS--GENERAL INFORMATION
fixed length control field 090401t1999 xxu||||| |||| 00| 0 eng d
035 ## - SYSTEM CONTROL NUMBER
System control number (Sirsi) u93605
041 ## - LANGUAGE CODE
Language code of text/sound track or separate title eng
245 ## - TITLE STATEMENT
Title Movie men flex their plexes
260 ## - PUBLICATION, DISTRIBUTION, ETC.
Date of publication, distribution, etc. 1999
350 ## - PRICE (NR) (BK AM CF MU VM SE) [OBSOLETE]
Price 0
490 ## - SERIES STATEMENT
Series statement Herald
Volume/sequential designation 27 May 1999, 31(1)
520 ## - SUMMARY, ETC.
Summary, etc. Discusses the Leisure Review from Knight Frank which warns that cinema complexes could damage other sectors of the leisure market as they offer a growing range of services including snack bars, games areas, children's play areas and increasing retail. There is also a trend from out-of-town complexes to 'citiplexes'. Briefly summarises other findings of the report, relating to lodge hotels, the food & beverage sector, investment and European development.
650 ## - SUBJECT ADDED ENTRY--TOPICAL TERM
Topical term or geographic name entry element CINEMAS
650 ## - SUBJECT ADDED ENTRY--TOPICAL TERM
Topical term or geographic name entry element KNIGHT FRANK
650 ## - SUBJECT ADDED ENTRY--TOPICAL TERM
Topical term or geographic name entry element LEISURE MARKET
650 ## - SUBJECT ADDED ENTRY--TOPICAL TERM
Topical term or geographic name entry element MULTIPLEX CINEMAS
650 ## - SUBJECT ADDED ENTRY--TOPICAL TERM
Topical term or geographic name entry element OUT OF TOWN DEVELOPMENTS
650 ## - SUBJECT ADDED ENTRY--TOPICAL TERM
Topical term or geographic name entry element TOWN CENTRE DEVELOPMENTS
690 ## - LOCAL SUBJECT ADDED ENTRY--TOPICAL TERM (OCLC, RLIN)
Topical term or geographic name as entry element LEISURE AND RECREATION
942 ## - ADDED ENTRY ELEMENTS (KOHA)
Suppress in OPAC 0
948 ## - LOCAL PROCESSING INFORMATION (OCLC); SERIES PART DESIGNATOR (RLIN)
c (OCLC) 27/05/1999
Holdings
Withdrawn status Lost status Source of classification or shelving scheme Damaged status Not for loan Home library Current library Shelving location Date acquired Total Checkouts Full call number Barcode Date last seen Copy number Price effective from Koha item type
    Dewey Decimal Classification     London London News article 14/09/1999   WB3520-31 93605-1001 06/08/2019 1 06/08/2019 News article